Macromolecules containing metal and metal-like elements
Guardat en:
| Autors principals: | , , , , |
|---|---|
| Format: | Llibre |
| Idioma: | anglès |
| Publicat: |
Hoboken
John Wiley and Sons
2010
|
| Edició: | 1a. ed |
| Matèries: | |
| Etiquetes: |
Afegir etiqueta
Sense etiquetes, Sigues el primer a etiquetar aquest registre!
|
MARC
| LEADER | 00000cam a2200000 a 4500 | ||
|---|---|---|---|
| 001 | UCC0536 | ||
| 003 | CL-VaPUC | ||
| 008 | 170818e20100000us |||||||||||||||||eng|d | ||
| 020 | |a 9780470597743 | ||
| 082 | 0 | 4 | |a 571.6 |b ABD |2 21 |
| 100 | 0 | |a Abd-El Aziz, Alaa S |e author |9 594520 | |
| 700 | 0 | |a Carraher, Charles E |e author |9 594521 | |
| 700 | 0 | |a Harvey, Pierre D |e author |9 594522 | |
| 700 | 0 | |a Pittman, Charles U |e author |9 594523 | |
| 700 | 0 | |a Zeldin, Martel |e author |9 594524 | |
| 245 | 1 | 0 | |a Macromolecules containing metal and metal-like elements |
| 250 | |a 1a. ed | ||
| 300 | |a v | ||
| 942 | |c BK | ||
| 945 | |d 20170818 15:36:00 |a dcastane | ||
| 260 | |a Hoboken |b John Wiley and Sons |c 2010 | ||
| 500 | |a v.10: Photophysics and Photochemistry of metal-containing polymers | ||
| 650 | 7 | |a MACROMOLECULAS |2 CL-VaPUC |9 313728 | |
| 650 | 0 | |a Biología molecular |9 269677 | |
| 650 | 0 | |a Genética molecular |9 269770 | |
| 583 | |a last modification |c 20170818 15:36:00 |k Rodrigo Vera | ||
| 999 | |c 369345 |d 369343 | ||
| 952 | |0 0 |1 0 |3 erd |4 0 |6 571_600000000000000_ABD_2010 |7 0 |8 A |9 485099 |a BIBCUR |b BIBCUR |h v.10 |i 5416205 |o 571.6 ABD 2010 |p 5416205 |r 2025-04-22 |w 2019-11-24 |y BK |z Catalogado en:20170818 |k QUI | ||